000 00809nas a2200253 i 4500
001 2303
003 ES-MaACL
005 20250718150801.0
008 950801d1788 xxkd| | 1 ||ng d
022 _a0140-0460
080 _a(054)
245 0 4 _aThe Times.
260 _aLondon :
_bThe Times Publishing Company,
_c[1788]-
300 _a438 v. ;
_c62 cm.
310 _aDiaria, excepto domingos
362 1 _aComenzó con n. 1023 (mar. 18, 1788) -
500 _aFecha de publicación tomada de : Gran Enciclopedia Larousse, t. 10.
580 _aNumerosos suplementos.
650 1 4 _aPeriódicos
_915941
852 _aES-MaACL
_jHEM-GF-40
_92343
_zExpurgado: 22-1-2025
866 0 _o1957-71,1975-76(1977)(1978f.feb-mar.y dic.),1980-2007(2008).
942 _2udc
_cPERIODICO
999 _c2303
_d2303